Sunderland Top Goalscorers of All Time - Statistics

General Stats
  • This quiz has been taken 15 times
  • The average score is 14 of 50
Answer Stats
Player APP Goals % Correct
Jermain Defoe 100 37
100%
Kevin Phillips 222 118
100%
Niall Quinn 208 62
92%
Ross Stewart 80 40
77%
Darren Bent 63 36
69%
Adam Johnson 141 22
62%
Brian Clough 54 48
62%
Jack Clarke 114 28
62%
Marcus Stewart 116 36
54%
Steven Fletcher 108 23
54%
Charlie Wyke 114 42
46%
Gary Rowell 191 56
46%
Kenwyne Jones 101 28
46%
Marco Gabbiadini 43 18
46%
Aiden McGeady 150 36
38%
Bobby Gurney 39 26
38%
Colin West 108 25
31%
Dave Halliday 50 70
31%
Julio Arca 173 21
31%
Len Shackleton 323 97
31%
Luke O'Nien 299 23
31%
Allan Johnston 90 19
23%
Chris Maguire 125 28
23%
Lynden Gooch 247 25
23%
Pop Robson 63 23
23%
Stan Cummins 145 27
23%
Billy Bingham 207 44
15%
Billy Elliott 190 22
15%
Charles Hurley 267 20
15%
Charlie Buchan 30 22
15%
Jackie Robinson 83 32
15%
Nick Sharkey 89 51
15%
Stan Anderson 301 26
15%
Stephen Elliott 88 23
15%
Alan O'Neill 55 22
8%
Amby Fogarty 83 25
8%
Charlie Fleming 108 62
8%
Colin Suggett 89 24
8%
George Herd 266 43
8%
Neil Martin 91 40
8%
Tommy Wright 172 49
8%
Trevor Ford 110 68
8%
Cliff Whitelum 41 18
0%
Dickie Dean 146 74
0%
George Mulhall 247 59
0%
Ivor Broadis 81 25
0%
Johnny Crossan 72 33
0%
Ken Chisholm 78 33
0%
Ted Purdon 90 40
0%
Tommy Reynolds 167 19
0%
No matching quizzes found
Score Distribution
Percent of People with Each Score
Percentile by Number Answered
Your Score History
You have not taken this quiz